00309nam a2200121Ia 4500008004100000020002200041041000800063082002400071100001600095245003000111260003700141300000900178230411s9999 xx 000 0 und d a978-93-5152-214-0 aeng aPH/615.3/HAN/B08105 aHans Pankaj aJaypees Nursing Drug Book bJaypee BrothersaNew Delhic2014 a892p